00989nam a22002297a 4500999001700000003000900017008004100026020001800067040007100085082001800156100005600174110004600230245008800276260004800364300004100412505013500453650001800588650003000606942001600636945000900652952009800661 c20142d20142AR-CdUCM190527b ||||| |||| 00| 0 spa d a84-8387-013-4 aMUNICIPALIDAD PROVINCIAL DEL CUSCOcBIBLIOTECA MUNICIPAL DEL CUSCO a498.53 /bG63 aGondenzzi, Juan Carlos y Vengoa Zúñiga, Jannett aAsociación Pukllasunchis - Cusco927515 aRunasimimanta yuyaychakusun :bManual de lingüística quechua para bilingües / aCusco :b"Bartolomé de las casas",c1994. a201 páginas ;cIlustraciones a b/n aContenido: Deixis(coordenadas de la conversación) -- Actos de habla -- Construcción del texto -- Construcción semántica... aQuechua92063 aQuechua cusqueña942125 2ddccLIBROS aAndy 002ddc4070aSHbSHcCARTd2019-05-27g30.00o498.53 / G63pSH0000015411r2019-05-27yLIBROS